Transakčná daň

Od 1. apríla 2025 bolo na Slovensku zavedené nové zdanenie finančných transakcií, pri ktorých dochádza k odpísaniu sumy finančných prostriedkov z účtu daňovníka. Zákon č. 279/2024 Z. z. o dani z finančných transakcií v znení neskorších predpisov určuje, že daňovníkom tejto novej dane je fyzická osob...

Ausführliche Beschreibung

Gespeichert in:
Bibliographische Detailangaben
1. Verfasser: Cingelová, Zuzana
Format: Buchkapitel
Sprache:Slowakisch
Schlagworte:
Tags: Tag hinzufügen
Keine Tags, Fügen Sie das erste Tag hinzu!

MARC

LEADER 00000naa a2200000 4500
001 0312071
005 20250904110345.9
041 0 |a slo 
044 |a SK 
245 1 0 |a Transakčná daň  |c Zuzana Cingelová 
520 |a Od 1. apríla 2025 bolo na Slovensku zavedené nové zdanenie finančných transakcií, pri ktorých dochádza k odpísaniu sumy finančných prostriedkov z účtu daňovníka. Zákon č. 279/2024 Z. z. o dani z finančných transakcií v znení neskorších predpisov určuje, že daňovníkom tejto novej dane je fyzická osoba - podnikateľ, právnická osoba, organizačná zložka zahraničnej osoby, ktorá má sídlo alebo miesto podnikania v tuzemsku alebo vykonáva činnosť v tuzemsku. 
610 2 0 |a dane transakčné 
610 2 0 |a daňovníci 
610 2 0 |a osoby fyzické 
610 2 0 |a osoby právnické 
610 2 0 |a zdaňovanie 
610 2 0 |a zákony 
610 2 0 |a legislatíva 
100 1 |a Cingelová, Zuzana